000 00473nam a2200181Ia 4500
003 GCL
008 140319s9999 xx 000 0 aRus d
040 _aGCL /
_cGCL
082 0 4 _a861
_bB P
100 1 _aBENEDETTI, MARIO
245 1 0 _aPEDROY EL CAPITAN:(PEIZA EN CUATREO ACTOS) /
_cBENEDETTI, MARIO
260 _a[S.N] :
_bALIANZA EDITORIAL ،
_c1986
300 _a89P
650 0 4 _aLITERATURE
650 0 4 _aPOEMS
650 0 4 _aSPANISH LITERATURE
942 _2ddc
_cBK
999 _c11246
_d11246